Well performance / (Record no. 11159)

MARC details
000 -LEADER
fixed length control field 00582nam a22001937a 4500
008 - FIXED-LENGTH DATA ELEMENTS--GENERAL INFORMATION
fixed length control field 251111b a|||| |||| 00| 0 eng d
020 ## - INTERNATIONAL STANDARD BOOK NUMBER
International Standard Book Number 0139466096
040 ## - CATALOGING SOURCE
Original cataloging agency AR-FvUNAJ
Modifying agency AR-FvUNAJ
Description conventions aacr2
082 00 - DEWEY DECIMAL CLASSIFICATION NUMBER
Edition number 20
Classification number 622.3382
100 1# - MAIN ENTRY--PERSONAL NAME
9 (RLIN) 22019
Personal name Golan, Michael
245 10 - TITLE STATEMENT
Title Well performance /
Statement of responsibility, etc Michael Golan, Curtis H. Whitson.
250 ## - EDITION STATEMENT
Edition statement 2nd.ed.
260 ## - PUBLICATION, DISTRIBUTION, ETC. (IMPRINT)
Place of publication, distribution, etc Englewood Cliffs, N.J. :
Name of publisher, distributor, etc Prentice Hall,
Date of publication, distribution, etc c1991.
300 ## - PHYSICAL DESCRIPTION
Extent ix, 669 p.
Other physical details ill.
650 #0 - SUBJECT ADDED ENTRY--TOPICAL TERM
9 (RLIN) 5260
Topical term or geographic name as entry element POZOS DE PETROLEO
650 #0 - SUBJECT ADDED ENTRY--TOPICAL TERM
9 (RLIN) 1031
Topical term or geographic name as entry element PETRÓLEO
700 1# - ADDED ENTRY--PERSONAL NAME
9 (RLIN) 22020
Personal name Whitson, Curtis H
942 ## - ADDED ENTRY ELEMENTS (KOHA)
Source of classification or shelving scheme Dewey Decimal Classification
Item type Libro, folleto, traducción
980 ## - EQUIVALENCE OR CROSS-REFERENCE-SERIES STATEMENT--PERSONAL NAME/TITLE [LOCAL, CANADA]
Linkage 2
Personal name Virginia Figueroa
Field link and sequence number 2
Miscellaneous information Virginia Figueroa
Holdings
Withdrawn status Lost status Source of classification or shelving scheme Damaged status Not for loan Home library Current library Date acquired Source of acquisition Total Checkouts Full call number Barcode Date last seen Price effective from Koha item type
    Dewey Decimal Classification     Biblioteca Central Biblioteca Central 11/11/2025 Donación   622.3382 GOL 2a.ed. UNAJ25110018 11/11/2025 11/11/2025 Libro, folleto, traducción

Lunes a Viernes 8:30 a 19:00 hs. Cerrado por mudanza
Av.Calchaqui 6200 Florencio Varela (CP188) 2°piso Edificio Mosconi Aula 209-210
Mail: bibliotecacentralunaj@gmail.com  
Whatsapp(54 9)1122668024    ❔Pregunte a la bibliotecaria
© Universidad Nacional Arturo Jauretche | Secretaría Académica | Biblioteca Central UNAJ